[Event "POL-chT 2nd League"]
[Site "Mrzezyno"]
[Date "2011.09.03"]
[Round "1"]
[White "Kaczmarek, Julia"]
[Black "Garbowska, Hanna"]
[Result "0-1"]
[WhiteElo "1751"]
[BlackElo "2025"]
[PlyCount "56"]
[EventDate "2011.09.03"]
[EventType "team-swiss"]
[EventRounds "9"]
[EventCountry "POL"]
[SourceTitle "EXT 2015"]
[Source "ChessBase"]
[SourceDate "2014.11.20"]
[SourceVersion "1"]
[SourceVersionDate "2014.11.20"]
[SourceQuality "1"]
[WhiteTeam "Otwock UKS MDK"]
[BlackTeam "Torun AZS UMK"]
[WhiteTeamCountry "POL"]
[BlackTeamCountry "POL"]

1. f4 d5 2. Nf3 Nf6 3. e3 e6 4. b3 c5 5. Bb2 Nc6 6. Bb5 Bd7 7. Bxc6 Bxc6 8. Ne5 Bd6 9. 0-0 Qc7 10. d3 h5 11. h4 Qe7 12. Qe1 Ng4 13. Nxc6 bxc6 14. Nd2 e5 15. f5 e4 16. dxe4 dxe4 17. Nc4 Bh2+ 18. Kh1 Qc7 19. f6 g6 20. Rd1 0-0 21. Qa5 Qg3 22. Qe1 Qb8 23. Qd2 Bg3 24. Kg1 Qc7 25. Qd7 Bh2+ 26. Kh1 Qg3 27. Be5 Qxh4 28. Rf4 Bxf4+ 0-1

[Event "POL-chT 2st League"]
[Site "Mrzezyno"]
[Date "2010.09.10"]
[Round "7.48"]
[White "Garbowska, Hanna"]
[Black "Poznanska, Katarzyna"]
[Result "1-0"]
[WhiteElo "2010"]
[BlackElo "2095"]
[PlyCount "81"]
[EventDate "2010.09.04"]
[EventType "team-swiss"]
[EventRounds "9"]
[EventCountry "POL"]
[SourceTitle "EXT 2019"]
[Source "ChessBase"]
[SourceDate "2018.10.10"]
[SourceVersion "1"]
[SourceVersionDate "2018.10.10"]
[SourceQuality "1"]
[WhiteTeam "Torun AZS UMK"]
[BlackTeam "Wroclaw KS Polonia II"]
[WhiteTeamCountry "POL"]
[BlackTeamCountry "POL"]

1. e4 c6 2. d4 d5 3. exd5 cxd5 4. Bd3 Nc6 5. c3 Nf6 6. Ne2 Bg4 7. f3 Bh5 8. 0-0 e6 9. Bf4 Bd6 10. Bg3 Bxg3 11. Nxg3 Bg6 12. Qe2 0-0 13. Kh1 a6 14. Nd2 b5 15. a3 Qb6 16. f4 Bxd3 17. Qxd3 a5 18. Nf3 b4 19. f5 bxc3 20. bxc3 e5 21. Nxe5 Rfe8 22. Rae1 Rac8 23. Qf3 Qc7 24. Ng4 Nxg4 25. Qxg4 f6 26. Nh5 Kh8 27. Nf4 Qd7 28. Ne6 Re7 29. Re3 Nd8 30. Rfe1 Nxe6 31. fxe6 Qb5 32. Qh5 Rce8 33. Rh3 h6 34. Rhe3 Qb2 35. Qxd5 Qxa3 36. c4 Qa2 37. h3 a4 38. Qc5 f5 39. d5 Qd2 40. d6 Rb7 41. d7 1-0

[Event "Gdansk op 12th "]
[Site "Gdansk"]
[Date "2010.07.22"]
[Round "7"]
[White "Garbowska, Hanna"]
[Black "Gora, Jan"]
[Result "0-1"]
[WhiteElo "2026"]
[BlackElo "1848"]
[PlyCount "60"]
[EventDate "2010.07.17"]
[EventType "swiss"]
[EventRounds "9"]
[EventCountry "POL"]
[SourceTitle "EXT 2011"]
[Source "ChessBase"]
[SourceDate "2010.11.26"]
[SourceVersion "1"]
[SourceVersionDate "2010.11.26"]
[SourceQuality "1"]

1. e4 c5 2. Nf3 Nc6 3. d4 cxd4 4. Nxd4 g6 5. Nc3 Bg7 6. Be3 Nf6 7. Bc4 0-0 8. Bb3 d6 9. f3 Bd7 10. Qd2 Rc8 11. 0-0-0 Nxd4 12. Bxd4 a5 13. e5 dxe5 14. Bxe5 Bc6 15. Qe3 Qe8 16. Rhe1 a4 17. Bd5 b5 18. g4 b4 19. Bxf6 Bxf6 20. Ne4 Bg7 21. Kb1 a3 22. b3 Bxd5 23. Rxd5 Qc6 24. Qd3 f5 25. gxf5 gxf5 26. Ng5 Qf6 27. Rde5 Qxg5 28. Rxe7 Qf6 29. Qd5+ Kh8 30. R1e5 Rcd8 0-1

[Event "Kowalewo Pomorskie op-A 17th"]
[Site "Kowalewo Pomorskie"]
[Date "2010.07.09"]
[Round "8"]
[White "Garbowska, Hanna"]
[Black "Kobus, Sebastian"]
[Result "0-1"]
[WhiteElo "2026"]
[BlackElo "2080"]
[PlyCount "89"]
[EventDate "2010.07.04"]
[EventType "swiss"]
[EventRounds "8"]
[EventCountry "POL"]
[SourceTitle "CBM 137 Extra"]
[Source "ChessBase"]
[SourceDate "2010.09.01"]
[SourceVersion "1"]
[SourceVersionDate "2010.09.01"]
[SourceQuality "1"]

1. e4 e5 2. Nf3 Nf6 3. d4 Nxe4 4. dxe5 d5 5. exd6 Nxd6 6. Nc3 Be7 7. Bd3 0-0 8. 0-0 Bg4 9. h3 Bh5 10. Nd5 Nc6 11. Nf4 Bxf3 12. Qxf3 Ne5 13. Bxh7+ Kxh7 14. Qh5+ Kg8 15. Qxe5 Bf6 16. Qd5 c6 17. Qf3 Be5 18. Nd3 Bf6 19. Bf4 Nf5 20. c3 Nh4 21. Qg3 Nf5 22. Qf3 Nh4 23. Qg3 Ng6 24. Rad1 Qa5 25. a3 Rfe8 26. Rfe1 Qb5 27. Bc1 Rad8 28. Rxe8+ Rxe8 29. Qg4 Be7 30. Be3 Rd8 31. Nb4 Rxd1+ 32. Qxd1 a5 33. Nd3 Qd5 34. Qe2 Bd6 35. Ne1 Qe6 36. Nf3 Qe4 37. Qd2 Bc7 38. Kf1 Qb1+ 39. Qc1 Qd3+ 40. Kg1 Ne7 41. Qd2 Qb1+ 42. Qc1 Qe4 43. Ng5 Qf5 44. Nf3 Nd5 45. Bd2 0-1

[Event "Kowalewo Pomorskie op-A 17th"]
[Site "Kowalewo Pomorskie"]
[Date "2010.07.08"]
[Round "7"]
[White "Zielinski, Wojciech"]
[Black "Garbowska, Hanna"]
[Result "1/2-1/2"]
[WhiteElo "2008"]
[BlackElo "2026"]
[PlyCount "72"]
[EventDate "2010.07.04"]
[EventType "swiss"]
[EventRounds "8"]
[EventCountry "POL"]
[SourceTitle "CBM 137 Extra"]
[Source "ChessBase"]
[SourceDate "2010.09.01"]
[SourceVersion "1"]
[SourceVersionDate "2010.09.01"]
[SourceQuality "1"]

1. e4 c5 2. Nf3 d6 3. d4 cxd4 4. Nxd4 Nf6 5. Nc3 a6 6. a4 e5 7. Nb3 Be6 8. Be2 Be7 9. Bf3 Qc7 10. Be3 Nbd7 11. 0-0 0-0 12. Qd2 Nb6 13. Bxb6 Qxb6 14. Nd5 Nxd5 15. exd5 Bf5 16. a5 Qc7 17. c3 Qc4 18. Nc1 h6 19. Qe2 Rac8 20. Qxc4 Rxc4 21. Be2 Rc7 22. Nb3 Bg5 23. g3 Bc2 24. Nc1 e4 25. h4 Bd2 26. Na2 Bb3 27. Nb4 Rc5 28. Ra3 Bxd5 29. Rd1 e3 30. Nxd5 Rxd5 31. f4 Re8 32. Kf1 g5 33. Ra4 gxh4 34. gxh4 Kf8 35. Kg2 f5 36. Kf3 Re7 1/2-1/2

[Event "Kowalewo Pomorskie op-A 17th"]
[Site "Kowalewo Pomorskie"]
[Date "2010.07.04"]
[Round "1"]
[White "Zurkowski, Andrzej"]
[Black "Garbowska, Hanna"]
[Result "1/2-1/2"]
[WhiteElo "2175"]
[BlackElo "2026"]
[PlyCount "60"]
[EventDate "2010.07.04"]
[EventType "swiss"]
[EventRounds "8"]
[EventCountry "POL"]
[SourceTitle "CBM 137 Extra"]
[Source "ChessBase"]
[SourceDate "2010.09.01"]
[SourceVersion "1"]
[SourceVersionDate "2010.09.01"]
[SourceQuality "1"]

1. d4 d5 2. Nf3 e6 3. e3 Nf6 4. Bd3 Be7 5. 0-0 0-0 6. b3 Nbd7 7. Nbd2 c5 8. Bb2 b6 9. Ne5 Bb7 10. f4 Ne4 11. f5 Bg5 12. Qe2 Nxd2 13. Nxd7 Nxf1 14. Nxf8 Nxe3 15. Nxh7 Nxf5 16. Bxf5 exf5 17. Nxg5 Qxg5 18. dxc5 bxc5 19. Re1 d4 20. Qf2 Be4 21. b4 Rb8 22. Bc1 Qg6 23. bxc5 Rb5 24. Rd1 Rb1 25. g3 Qg4 26. Rf1 Ra1 27. Qxd4 Rxc1 28. Rxc1 Qf3 29. Qd2 Qh1+ 30. Kf2 Qf3+ 1/2-1/2

[Event "POL-ch Teachers"]
[Site "Krakow"]
[Date "2010.06.03"]
[Round "1.9"]
[White "Kozlowski, Cezary"]
[Black "Garbowska, Hanna"]
[Result "0-1"]
[WhiteElo "1637"]
[BlackElo "2036"]
[PlyCount "78"]
[EventDate "2010.06.03"]
[EventType "swiss"]
[EventRounds "9"]
[EventCountry "POL"]
[SourceTitle "EXT 2023"]
[Source "ChessBase"]
[SourceDate "2022.10.05"]
[SourceVersion "1"]
[SourceVersionDate "2022.10.05"]
[SourceQuality "1"]

1. f4 d5 2. Nf3 e6 3. b3 c5 4. e3 Nf6 5. Bb2 Nc6 6. Bd3 Be7 7. 0-0 0-0 8. Nc3 a6 9. a4 Nb4 10. Be2 b6 11. Ne5 Qc7 12. Na2 Nc6 13. Nxc6 Qxc6 14. c4 Bb7 15. d3 Rfd8 16. Bf3 Qd7 17. d4 dxc4 18. bxc4 Rac8 19. Qb3 Bxf3 20. Rxf3 Ne4 21. Rd1 Bf6 22. Rff1 Qc7 23. d5 exd5 24. cxd5 c4 25. Qc2 c3 26. Ba3 Nd2 27. e4 Nxf1 28. Rxf1 Bd4+ 29. Kh1 Qc4 30. Rd1 b5 31. Nb4 Bc5 32. Rb1 a5 33. Nc6 Bxa3 34. axb5 Bb4 35. h3 Re8 36. b6 Rxc6 37. dxc6 Qxc6 38. e5 Rd8 39. b7 Qxb7 0-1

[Event "POL-chT 2nd League"]
[Site "Miedzyzdroje"]
[Date "2009.09.19"]
[Round "8"]
[White "Garbowska, Hanna"]
[Black "Smolenska, Olga"]
[Result "1-0"]
[WhiteElo "2034"]
[BlackElo "1918"]
[PlyCount "75"]
[EventDate "2009.09.12"]
[EventType "team-swiss"]
[EventRounds "9"]
[EventCountry "POL"]
[SourceTitle "EXT 2019"]
[Source "ChessBase"]
[SourceDate "2018.10.10"]
[SourceVersion "1"]
[SourceVersionDate "2018.10.10"]
[SourceQuality "1"]
[WhiteTeam "Torun AZS UMK"]
[BlackTeam "Konin Hetman"]
[WhiteTeamCountry "POL"]
[BlackTeamCountry "POL"]

1. e4 e5 2. Nf3 Nc6 3. Bc4 Bc5 4. c3 Nf6 5. d3 d6 6. 0-0 0-0 7. Nbd2 Bg4 8. h3 Bh5 9. Re1 h6 10. Nf1 Na5 11. Bb5 Nc6 12. Ng3 Bxf3 13. Qxf3 Ne7 14. Bxh6 Ng6 15. Bg5 c6 16. Bc4 d5 17. exd5 cxd5 18. Bxf6 Qxf6 19. Qxf6 gxf6 20. Bxd5 Nf4 21. Be4 Rad8 22. Rad1 Kh8 23. Ne2 Ne6 24. Bf5 Rg8 25. Bxe6 fxe6 26. d4 Bd6 27. dxe5 Bxe5 28. Nd4 Rde8 29. Nf3 Bb8 30. Rd7 b6 31. Nd4 e5 32. Nf5 Rg5 33. g4 Rg6 34. Red1 Rf8 35. Rb7 Re8 36. Rdd7 e4 37. Rh7+ Kg8 38. Nh6+ 1-0

[Event "POL-chT 2nd League"]
[Site "Miedzyzdroje"]
[Date "2009.09.16"]
[Round "5"]
[White "Chrzaszcz, Malvina"]
[Black "Garbowska, Hanna"]
[Result "1-0"]
[WhiteElo "2011"]
[BlackElo "2034"]
[PlyCount "53"]
[EventDate "2009.09.12"]
[EventType "team-swiss"]
[EventRounds "9"]
[EventCountry "POL"]
[SourceTitle "EXT 2019"]
[Source "ChessBase"]
[SourceDate "2018.10.10"]
[SourceVersion "1"]
[SourceVersionDate "2018.10.10"]
[SourceQuality "1"]
[WhiteTeam "Chrzanow UKS SP 8 U19"]
[BlackTeam "Torun AZS UMK"]
[WhiteTeamCountry "POL"]
[BlackTeamCountry "POL"]

1. e4 c5 2. Nf3 d6 3. d4 cxd4 4. Nxd4 Nf6 5. Nc3 a6 6. Be2 e5 7. Nb3 Be7 8. 0-0 Be6 9. Kh1 Nbd7 10. f4 exf4 11. Bxf4 Ne5 12. Qe1 Qc7 13. Rd1 0-0 14. Nd4 b5 15. a3 Rac8 16. Qg3 Kh8 17. Bg5 Nc4 18. Bxc4 Qxc4 19. Qh4 Rg8 20. Rd3 b4 21. axb4 Rb8 22. b3 Qc7 23. Nf5 Rxb4 24. Rh3 Bxf5 25. Rxf5 h6 26. Bxf6 Bxf6 27. Rxf6 1-0

[Event "Gdansk op"]
[Site "Gdansk"]
[Date "2009.07.24"]
[Round "7"]
[White "Szczepaniec, Stanislaw"]
[Black "Garbowska, Hanna"]
[Result "1-0"]
[WhiteElo "2149"]
[BlackElo "2041"]
[PlyCount "72"]
[EventDate "2009.07.19"]
[EventType "swiss"]
[EventRounds "9"]
[EventCountry "POL"]
[SourceTitle "CBM 131 Extra"]
[Source "ChessBase"]
[SourceDate "2009.09.03"]
[SourceVersion "2"]
[SourceVersionDate "2009.09.16"]
[SourceQuality "1"]

1. c4 Nf6 2. Nc3 e6 3. e4 d5 4. e5 Nfd7 5. d4 c6 6. Nf3 Be7 7. Bd3 dxc4 8. Bxc4 Nb6 9. Bd3 Nd5 10. h4 h6 11. Qe2 Nd7 12. Rh3 N7b6 13. Ne4 Nb4 14. Bb1 N6d5 15. a3 Na6 16. h5 Qa5+ 17. Kf1 Nab4 18. Rg3 b6 19. Kg1 Ba6 20. Qe1 Kf8 21. Bd2 Qa4 22. b3 Qxb3 23. axb4 Nxb4 24. Nd6 Nd3 25. Bxd3 Bxd3 26. Rc1 Qd5 27. Qe3 Bf5 28. Nxf5 exf5 29. e6 f4 30. Qxf4 Qxe6 31. Qe5 Bf6 32. Qxe6 fxe6 33. Rxc6 Ke7 34. Bb4+ Kd7 35. Rd6+ Kc7 36. Ne5 a5 1-0

[Event "Gdansk op"]
[Site "Gdansk"]
[Date "2009.07.21"]
[Round "5"]
[White "Jaroch, Pawel"]
[Black "Garbowska, Hanna"]
[Result "0-1"]
[WhiteElo "2243"]
[BlackElo "2041"]
[PlyCount "36"]
[EventDate "2009.07.19"]
[EventType "swiss"]
[EventRounds "9"]
[EventCountry "POL"]
[SourceTitle "CBM 131 Extra"]
[Source "ChessBase"]
[SourceDate "2009.09.03"]
[SourceVersion "2"]
[SourceVersionDate "2009.09.16"]
[SourceQuality "1"]

1. c4 Nf6 2. Nc3 b6 3. d4 Bb7 4. Nf3 e6 5. Bg5 Be7 6. e3 0-0 7. Be2 d5 8. 0-0 c5 9. Rc1 cxd4 10. Nxd4 Nc6 11. Nxc6 Bxc6 12. Qb3 dxc4 13. Bxc4 Rc8 14. Bf4 Bc5 15. Na4 Ne4 16. Rfd1 Qh4 17. g3 Qg4 18. Nxc5 Nxc5 0-1

[Event "Chelmza op-A"]
[Site "Chelmza"]
[Date "2009.06.22"]
[Round "3"]
[White "Garbowska, Hanna"]
[Black "Kobus, Sebastian"]
[Result "0-1"]
[WhiteElo "2041"]
[BlackElo "2035"]
[PlyCount "108"]
[EventDate "2009.06.20"]
[EventType "swiss"]
[EventRounds "9"]
[EventCountry "POL"]
[SourceTitle "EXT 2012"]
[Source "ChessBase"]
[SourceDate "2011.11.24"]
[SourceVersion "1"]
[SourceVersionDate "2011.11.24"]
[SourceQuality "1"]

1. e4 e5 2. Nf3 Nf6 3. Nc3 Bb4 4. Nxe5 d6 5. Nf3 Bxc3 6. bxc3 Nxe4 7. Be2 0-0 8. 0-0 Re8 9. Bb2 Bg4 10. d4 Ng5 11. Qd3 Rxe2 12. Qxe2 Nxf3+ 13. gxf3 Bh3 14. Kh1 Bxf1 15. Rxf1 Nc6 16. Rg1 Qe7 17. Qd2 Qf6 18. Qe2 Ne7 19. Bc1 Ng6 20. Qe4 c6 21. f4 d5 22. Qe3 h6 23. Re1 Rd8 24. Re2 Qf5 25. Qg3 Rd6 26. Re8+ Kh7 27. Qd3 Qd7 28. Re1 Rf6 29. Bd2 Kg8 30. Rg1 b5 31. Bc1 Qf5 32. Qxf5 Rxf5 33. Re1 Nxf4 34. Re8+ Kh7 35. Bxf4 Rxf4 36. Kg2 Re4 37. Ra8 Re2 38. Rxa7 Rxc2 39. Rxf7 Rxc3 40. Rc7 Kg6 41. f3 Kf6 42. Kg3 Rc4 43. h4 b4 44. h5 g6 45. hxg6 Kxg6 46. Rc8 h5 47. Rg8+ Kf7 48. Rc8 Ke7 49. f4 Kd7 50. Rh8 Rxd4 51. Rxh5 c5 52. Re5 Kd6 53. Re8 c4 54. Kf3 c3 0-1

[Event "POL-chT 2nd League"]
[Site "Polanica Zdroj"]
[Date "2004.09.09"]
[Round "7"]
[White "Chlost, Marlena"]
[Black "Garbowska, Hanna"]
[Result "1-0"]
[WhiteElo "2113"]
[BlackElo "2055"]
[PlyCount "85"]
[EventDate "2004.09.04"]
[EventType "team-swiss"]
[EventRounds "11"]
[EventCountry "POL"]
[SourceTitle "CBM 102 Extra"]
[Source "ChessBase"]
[SourceDate "2004.11.03"]
[SourceVersion "1"]
[SourceVersionDate "2004.11.03"]
[SourceQuality "1"]
[WhiteTeam "Gliwice Roszada"]
[BlackTeam "Swiecie Gambit"]
[WhiteTeamCountry "POL"]
[BlackTeamCountry "POL"]

1. e4 c5 2. Nf3 d6 3. d4 cxd4 4. Nxd4 Nf6 5. Nc3 a6 6. f3 e5 7. Nb3 Be6 8. Be3 Nbd7 9. Qd2 Nb6 10. 0-0-0 Be7 11. Kb1 Rc8 12. g4 Nc4 13. Bxc4 Bxc4 14. g5 Nh5 15. Na4 b5 16. Nb6 Rb8 17. Nd5 Bxd5 18. exd5 b4 19. Rdg1 a5 20. Rg4 0-0 21. h4 Qc7 22. Qd3 Rfc8 23. Nd2 a4 24. Rc4 Qb7 25. Rg1 Ra8 26. Rgg4 b3 27. Rxc8+ Rxc8 28. cxb3 axb3 29. Qxb3 Qa6 30. Rc4 Ra8 31. Ne4 Nf4 32. Bxf4 exf4 33. a3 Qa7 34. Qc3 Qg1+ 35. Ka2 Qd1 36. Nd2 h6 37. gxh6 Bf6 38. Qc2 Rb8 39. Rc8+ Rxc8 40. Qxd1 gxh6 41. h5 Be5 42. Qa4 Rc1 43. Nc4 1-0

[Event "POL-chT 57th"]
[Site "Glogow"]
[Date "2001.09.15"]
[Round "8"]
[White "Kludacz, Magdalena"]
[Black "Garbowska, Hanna"]
[Result "1-0"]
[WhiteElo "2195"]
[BlackElo "2090"]
[PlyCount "75"]
[EventDate "2001.09.08"]
[EventType "team-tourn"]
[EventRounds "9"]
[EventCountry "POL"]
[SourceTitle "EXT 2019"]
[Source "ChessBase"]
[SourceDate "2018.10.10"]
[SourceVersion "1"]
[SourceVersionDate "2018.10.10"]
[SourceQuality "1"]
[WhiteTeam "Plock PTSz"]
[BlackTeam "Swiecie Gambit"]
[WhiteTeamCountry "POL"]
[BlackTeamCountry "POL"]

1. d4 d5 2. c4 e6 3. Nc3 Nf6 4. cxd5 exd5 5. Bg5 Be7 6. Qc2 0-0 7. e3 h6 8. Bh4 b6 9. Bd3 Bb7 10. Nf3 Nbd7 11. 0-0 c5 12. Rfd1 cxd4 13. Nxd4 Ne5 14. Nf5 Rc8 15. Nxe7+ Qxe7 16. Bf5 Rc4 17. Bxf6 Qxf6 18. Bh7+ Kh8 19. Bd3 Rh4 20. Be2 Ng4 21. Bxg4 Rxg4 22. Qe2 Rg5 23. Rd4 Qg6 24. f4 Rh5 25. Rad1 Rc8 26. Qf3 Kh7 27. h3 Rf5 28. Kh2 h5 29. Nxd5 Rc2 30. e4 Rxd5 31. exd5 Rxb2 32. R1d2 Rxd2 33. Rxd2 Qd6 34. Qxh5+ Kg8 35. Qe5 Qb4 36. Re2 Ba6 37. Qe8+ Qf8 38. d6 1-0